000 00524nam a22001817a 4500
005 20230921193255.0
008 230921b |||||||| |||| 00| 0 eng d
020 _a9780470748824
082 _a658.314
_bDAV-T
100 _aDavies,Jacqueline
245 _aTruth about Talent
_bA Guide to Building a Dynamic workforce, realizing potential and helping leaders succeed
260 _aUSA
_bJohn&Wiley
_c2010
300 _a259
500 _aInclude Index
650 _aManagement
700 _aJacqueline Davis
999 _c33671
_d33671